LEADER 00978oam 2200349zu 450 001 9910132349303321 005 20210807004919.0 010 $a0-471-67865-1 035 $a(CKB)3710000000252411 035 $a(SSID)ssj0001551359 035 $a(PQKBManifestationID)16167603 035 $a(PQKBTitleCode)TC0001551359 035 $a(PQKBWorkID)14811654 035 $a(PQKB)11701706 035 $a(EXLCZ)993710000000252411 100 $a20160829d2004 uy 101 0 $aeng 181 $ctxt 182 $cc 183 $acr 200 00$aCarbocation Chemistry 210 31$a[Place of publication not identified]$cWiley Interscience Imprint$d2004 300 $aBibliographic Level Mode of Issuance: Monograph 311 $a0-471-28490-4 676 $a547/.1372 702 $aPrakash$b G. K. Surya 702 $aOlah$b George A 801 0$bPQKB 906 $aBOOK 912 $a9910132349303321 996 $aCarbocation Chemistry$92075559 997 $aUNINA LEADER 00908nam a2200253 i 4500 001 991001432909707536 005 20020507125817.0 008 000907s1998 us ||| | eng 020 $a0030246164 035 $ab10219997-39ule_inst 035 $aLE02985843$9ExL 040 $aISUFI - Sett. Diritti e Politiche Euromediterranee$bita 082 0 $a310 100 1 $aRamanathan, Ramu$0251855 245 10$aIntroductory econometrics :$bwith applications /$cRamu Ramanathan 260 $bThe Dryden Press,$cc1998 300 $axvii, 664 p. :$bill. ;$c29 cm. 650 4$aStatistica$xEconomia 907 $a.b10219997$b04-10-06$c27-06-02 912 $a991001432909707536 945 $aLE029 310 RAM01.01$g1$iLE029-1408$lle029$o-$pE0.00$q-$rn$so $t0$u0$v0$w0$x0$y.i10269174$z27-06-02 996 $aIntroductory econometrics$9208615 997 $aUNISALENTO 998 $ale029$b01-01-00$cm$da $e-$feng$gus $h0$i1